Normal view
MARC view
- DeCoursey, Michael
Entry Personal Name
001 - CONTROL NUMBER
- control field: 6006
003 - CONTROL NUMBER IDENTIFIER
- control field: OSt
005 - DATE AND TIME OF LATEST TRANSACTION
- control field: 20170518115421.0
008 - FIXED-LENGTH DATA ELEMENTS
- fixed length control field: 170518|| aca||aabn | a|a d
040 ## - CATALOGING SOURCE
- Original cataloging agency: OSt
- Transcribing agency: OSt
100 ## - HEADING--PERSONAL NAME
- Personal name: DeCoursey, Michael
670 ## - SOURCE DATA FOUND
- Source citation: Work cat.: (OSt)0: Lang, Hans J. 6004, Profitability accounting and bidding strategy for engineering and construction management /, 1983

PORTAL AKMAL
E-MEL JKDM
AKMAL2U
G-BAM
u-PUSTAKA